000 00257nam a2200109 a 4500
005 20140414132002.0
008 110216s19uu xx 00 eng d
050 _aTR 411
_bQ4 2007
100 _aQuien, Arleen
245 _aWriting works! 6.
999 _c113094
_d113094